| 000 | 00379nam a2200145Ia 4500 | ||
|---|---|---|---|
| 008 | 230312s9999||||xx |||||||||||||| ||und|| | ||
| 020 | _a0-07-139025-1 | ||
| 082 |
_a621.3820 _bBOT-E |
||
| 100 | _aBotto;Francis | ||
| 245 | 0 | _aEncyclopedia of Wireless Telecommunications | |
| 260 |
_bMcGraw Hill _aIndia _c2002 |
||
| 300 | _a33 | ||
| 650 |
_aEngineering _vElectronic |
||
| 942 | _cBK | ||
| 999 |
_c14012 _d14012 |
||